00888cam a22002414a 45000010009000000050017000090080041000260200019000670400018000860410008001040800015001121000021001272450134001482500012002822640039002943000052003334900071003856500023004566530029004796530054005087000044005627000040006061688903120230421120410.0110721s2012 nyu b 001 0 eng  a9781609186494  aDNLM/DLCcDLC aeng a616.89-0851 aLeahy, Robert L.10aTreatment plans and interventions for depression and anxiety disorders /cRobert L. Leahy, Stephen J. F. Holland, Lata K. McGinn. a2nd ed. aNew York :bGuilford Press,c2012. a490 p. :bill. ;c27 cm. +1 CD-ROM (4 3/4 in.).0 aTreatment plans and interventions for evidence-based psychotherapy22aCognitive Therapy. aდეპრესია aშფოთვითი აშლოლობა1 aHolland, Stephen J.eავტორი1 aMcGinn, Lata K.eავტორი